Communication systems : (Record no. 152466)

MARC details
000 -LEADER
fixed length control field 00954nam a22002417a 4500
005 - DATE AND TIME OF LATEST TRANSACTION
control field 20180531144243.0
010 ## - LCCN (DPL NO)
LC control number B-694020
020 ## - INTERNATIONAL STANDARD BOOK NUMBER
International Standard Book Number 9781259004605
Terms of availability 625.00
035 ## - SYSTEM CONTROL NUMBER
System control number B-694020
037 ## - SOURCE OF ACQUISITION
Source of stock number/acquisition R.K.Books
082 ## - DEWEY DECIMAL CLASSIFICATION NUMBER
Classification number 621.382
100 1# - MAIN ENTRY--PERSONAL NAME
Personal name Singh, R.P.
245 10 - TITLE STATEMENT
Title Communication systems :
Statement of responsibility, etc by R.P. Singh [and] S.D. Sapre
Remainder of title analog and digital /
250 ## - EDITION STATEMENT
Edition statement 3rd ed reprint
260 ## - PUBLICATION, DISTRIBUTION, ETC. (IMPRINT)
Place of publication, distribution, etc Chennai
Name of publisher, distributor, etc McGraw-Hill Education
Date of publication, distribution, etc 2018
270 ## - ADDRESS
Address 444/1,Sri Ekambara Naicker Industrial Estate, Porrur
City Chennai
Postal code 600116
300 ## - PHYSICAL DESCRIPTION
Extent xix,750p. :
Other physical details ill.
Dimensions 24cm(pbk)
500 ## - GENERAL NOTE
General note Includes bibliographical references and index
700 ## - ADDED ENTRY--PERSONAL NAME
Personal name Sapre, S.D.
9 (RLIN) 53755
942 ## - ADDED ENTRY ELEMENTS (KOHA)
Source of classification or shelving scheme Dewey Decimal Classification
Item type English Books
Classification part 621.382
Call number suffix SIN
Holdings
Withdrawn status Lost status Not for loan Collection code Home library Current library Date acquired Source of acquisition Cost, normal purchase price Full call number Barcode Copy number Cost, replacement price Koha item type
      Non-fiction Sarojini Nagar Sarojini Nagar 31/05/2018 R.K.Books/398/23.05.2018/456/18.05.2018/29.05.2018 625.00 621.382 SIN B-694020 1 625.00 English Books

© Delhi Public Library
Hit Counter
free hit counter